| 000 | 01129cam a22002897i 4500 | ||
|---|---|---|---|
| 005 | 20251123111159.0 | ||
| 008 | 250721s2001 jo gr 000 0 ara d | ||
| 082 | 1 | 4 |
_a211.34 _bم ز ه |
| 100 | 1 |
_aمنصور، محمد خالد _eمؤلف. |
|
| 245 | 1 | 0 |
_aالمزهر في شرح الشاطبية والدرة / _cد. محمد خالد منصور [وستة آخرون]. |
| 250 | _aالطبعة الأولى. | ||
| 264 | 3 | 1 |
_aعمان : _bدار عمار، _c2001. |
| 300 | _a551 صفحة. | ||
| 490 | 0 |
_aعلوم القراءات ؛ _vرقم 2. |
|
| 650 | 1 | 7 | _aالقرآن الكريم. |
| 650 | 1 | 7 | _aعلوم القراءات. |
| 650 | 1 | 7 | _aالقراءات العشر. |
| 700 | 1 |
_aشكري، أحمد خالد _eمؤلف. |
|
| 700 | 1 |
_aالقضاه، أحمد محمد _eمؤلف. |
|
| 700 | 1 |
_aسيفي، خالد سيف _eمؤلف. |
|
| 700 | 1 |
_aنصر، محمد موسى _eمؤلف. |
|
| 700 | 1 |
_aالجرمي، ابراهيم محمد _eمؤلف. |
|
| 700 | 1 |
_aالقضاة، محمد عصام _eمؤلف. |
|
| 830 | 0 | _aعلوم القراءات. | |
| 942 |
_2ddc _cBK |
||
| 999 |
_c43815 _d43815 |
||